| 000 | 00698nam a2200241 a 4500 | ||
|---|---|---|---|
| 001 | BRL_119 | ||
| 005 | 20190320210610.0 | ||
| 008 | 151012s1936----mx-a######---#000-0#spa-# | ||
| 041 | _aspa | ||
| 044 | _amx | ||
| 050 | 4 |
_aPQ7297 _b.I23 1936 |
|
| 100 | 1 |
_aIcaza, Xavier _d1892- _922964 |
|
| 245 | 1 | 0 |
_aTrayectoria _cXavier Icaza ; ilustraciones de Montenegro. |
| 260 |
_a[México] _bUniversidad Obrera de México _c1936 |
||
| 300 |
_a75 p. _bil. _c32 cm. |
||
| 500 | _aIncluye lista de obras del mismo autor | ||
| 500 | _aEstado físico: encuadernado, enero 2013 | ||
| 500 | _aAu109 | ||
| 650 | 1 | 4 |
_aTeatro _zMéxico _922965 |
| 700 | 1 |
_aMontenegro _eil. _922966 |
|
| 902 | _aGRL | ||
| 942 |
_2lcc _cB |
||
| 999 |
_c8932 _d8932 |
||